00377nam a2200109Ia 4500008004100000082001200041082000800053245014300061245002700204260002700231300000900258231017s9999 xx 000 0 und d a388.312 bSMI 0aInvestigation of System Operations Performance Measures for the Virginia Department of Transportation (Final Contract Report VTRC 07.CR16) 0cB. Brian L. Smith. PhD bB. Brian L. Smith. PhD c30cm